[Event "Titled Tuesday intern op 14th Nov Early"]
[Site "Chess.com INT"]
[Date "2023.11.14"]
[Round "8"]
[White "Danielyan, Vahe"]
[Black "Bardyk, Artem"]
[Result "0-1"]
[WhiteElo "2317"]
[BlackElo "2206"]
[PlyCount "260"]
[EventDate "2023.11.14"]
[EventType "swiss (blitz)"]
[EventRounds "11"]
[EventCountry "USA"]
[SourceTitle "CB47_2023"]
[SourceDate "2023.11.22"]
[SourceVersion "1"]
[SourceVersionDate "2023.11.22"]
[SourceQuality "1"]

1. e4 e5 2. Nc3 Nc6 3. g3 Nf6 4. Bg2 Bc5 5. Nge2 Nd4 6. Nxd4 Bxd4 7. 0-0 d6 8. d3 h5 9. Bg5 c6 10. Ne2 Bxb2 11. Rb1 Ba3 12. d4 exd4 13. Nxd4 Bc5 14. e5 dxe5 15. Nxc6 Qxd1 16. Rfxd1 Bg4 17. Re1 0-0 18. Nxe5 Be6 19. Bxb7 Rab8 20. a4 Bb6 21. Bf3 Ng4 22. Nd3 Rfc8 23. Bf4 Nxf2 24. Nxf2 Rxc2 25. Be3 Rd8 26. Bxb6 axb6 27. Re2 Rc3 28. Be4 g6 29. Rxb6 Rd4 30. Kg2 Rxa4 31. Rb8+ Kg7 32. Rbb2 Rca3 33. Bf3 h4 34. g4 Rd4 35. h3 Rf4 36. Be4 Rg3+ 37. Kh2 f5 38. Bg2 fxg4 39. Rxe6 gxh3 40. Nxh3 Rd4 41. Re7+ Kf6 42. Reb7 g5 43. R7b6+ Ke5 44. R6b5+ Kf6 45. Rf2+ Kg6 46. Rb6+ Kg7 47. Rff6 g4 48. Rg6+ Kf7 49. Rbf6+ Ke7 50. Ng5 Rd2 51. Re6+ Kd7 52. Rg7+ Kd8 53. Rg8+ Kd7 54. Rg7+ Kd8 55. Nf7+ Kc8 56. Rg8+ Kd7 57. Rd8+ Kxe6 58. Ng5+ Kf5 59. Rxd2 Kxg5 60. Rd5+ Kf4 61. Rd4+ Kg5 62. Rd5+ Kf4 63. Rd4+ Ke3 64. Re4+ Kf2 65. Rf4+ Ke3 66. Rf8 Kd4 67. Rh8 Re3 68. Rxh4 Ke5 69. Rxg4 Kf5 70. Ra4 Re5 71. Bf3 Kg5 72. Kg3 Rf5 73. Ra6 Re5 74. Rd6 Rf5 75. Be4 Rf6 76. Rd5+ Kh6 77. Kg4 Re6 78. Rh5+ Kg7 79. Kf5 Rh6 80. Rg5+ Kf7 81. Bd5+ Ke7 82. Ke5 Rh7 83. Be6 Rh2 84. Rg7+ Kf8 85. Ra7 Ke8 86. Kd6 Rd2+ 87. Bd5 Kf8 88. Rf7+ Ke8 89. Rg7 Rf2 90. Bc4 Rf4 91. Be6 Rf2 92. Rg3 Rf1 93. Bd5 Rf2 94. Rg4 Rf6+ 95. Be6 Rf1 96. Rg8+ Rf8 97. Rg1 Rf2 98. Rh1 Rd2+ 99. Bd5 Kf8 100. Rh8+ Kg7 101. Rf8 Kxf8 102. Ke5 Kg7 103. Be4 Rb2 104. Kf4 Rb4 105. Ke5 Kf8 106. Bd5 Ke7 107. Bg8 Rb5+ 108. Bd5 Ra5 109. Kd4 Kd6 110. Bc4 Ra4 111. Kc3 Kc5 112. Bb3 Ra3 113. Kb2 Kb4 114. Bc2 Rg3 115. Bf5 Rg2+ 116. Bc2 Rh2 117. Kb1 Kc3 118. Bg6 Rg2 119. Bf5 Rf2 120. Be4 Rb2+ 121. Ka1 Re2 122. Bg6 Kb3 123. Bb1 Ka3 124. Bd3 Rd2 125. Bb1 Kb3 126. Bg6 Rh2 127. Be4 Re2 128. Bb1 Rf2 129. Bd3 Ra2+ 130. Kb1 Rd2 0-1

[Event "Titled Tuesday intern op 26th Sep Late"]
[Site "Chess.com INT"]
[Date "2023.09.26"]
[Round "3"]
[White "Ashraf, Artin"]
[Black "Danielyan, Vahe"]
[Result "0-1"]
[WhiteElo "2340"]
[BlackElo "2318"]
[PlyCount "100"]
[EventDate "2023.09.26"]
[EventType "swiss (blitz)"]
[EventRounds "11"]
[EventCountry "USA"]
[SourceTitle "EXT 2024"]
[Source "ChessBase"]
[SourceDate "2023.10.10"]
[SourceVersion "1"]
[SourceVersionDate "2023.10.10"]
[SourceQuality "1"]

1. a3 g6 2. c4 Bg7 3. g3 e5 4. Bg2 f5 5. Nc3 Nf6 6. d3 0-0 7. Nf3 Nc6 8. 0-0 d6 9. Rb1 a5 10. b4 axb4 11. axb4 f4 12. b5 Ne7 13. gxf4 exf4 14. Bxf4 Nh5 15. Bd2 Nf4 16. Bxf4 Rxf4 17. Ne4 Ra2 18. Nfd2 Bg4 19. Qb3 Qa8 20. e3 Rf8 21. h3 Be2 22. Rfe1 Ra3 23. Rxe2 Rxb3 24. Nxb3 Qa3 25. Ng5 c6 26. Ne6 Rf5 27. Nxg7 Kxg7 28. bxc6 bxc6 29. Nd4 Rf6 30. Rd2 Qc3 31. Rbd1 d5 32. cxd5 Nxd5 33. Rc2 Qa3 34. Nxc6 Nb4 35. Nxb4 Qxb4 36. d4 Qb5 37. Rc5 Qe2 38. Rf1 Rf5 39. Rc7+ Kh6 40. Kh2 Rxf2 41. Rxf2 Qxf2 42. Re7 g5 43. Re5 Kg6 44. Re6+ Kf7 45. Re5 Kf6 46. Kh1 h5 47. Bd5 g4 48. hxg4 hxg4 49. Bg2 g3 50. e4 Qe1+ 0-1

[Event "Titled Tuesday intern op 26th Sep Early"]
[Site "Chess.com INT"]
[Date "2023.09.26"]
[Round "9"]
[White "Materia, Marco"]
[Black "Danielyan, Vahe"]
[Result "0-1"]
[WhiteElo "2433"]
[BlackElo "2318"]
[PlyCount "52"]
[EventDate "2023.09.26"]
[EventType "swiss (blitz)"]
[EventRounds "11"]
[EventCountry "USA"]
[SourceTitle "EXT 2024"]
[Source "ChessBase"]
[SourceDate "2023.10.10"]
[SourceVersion "1"]
[SourceVersionDate "2023.10.10"]
[SourceQuality "1"]

1. d4 Nf6 2. c4 e6 3. Nf3 b6 4. g3 Ba6 5. b3 Bb7 6. Bg2 d5 7. 0-0 Be7 8. Nc3 0-0 9. Ne5 Nbd7 10. Bb2 c5 11. cxd5 Nxe5 12. dxe5 Nxd5 13. Nxd5 Bxd5 14. e4 Bc6 15. Qe2 Qc7 16. Rfd1 Rfd8 17. f4 Rxd1+ 18. Rxd1 Rd8 19. h4 Rxd1+ 20. Qxd1 b5 21. f5 c4 22. Kh2 exf5 23. bxc4 bxc4 24. exf5 Bxg2 25. Kxg2 c3 26. Qc2 Qb7+ 0-1

[Event "Titled Tuesday intern op 26th Sep Early"]
[Site "Chess.com INT"]
[Date "2023.09.26"]
[Round "2"]
[White "Zemlyanskii, Ivan"]
[Black "Danielyan, Vahe"]
[Result "0-1"]
[WhiteElo "2362"]
[BlackElo "2318"]
[PlyCount "114"]
[EventDate "2023.09.26"]
[EventType "swiss (blitz)"]
[EventRounds "11"]
[EventCountry "USA"]
[SourceTitle "EXT 2024"]
[Source "ChessBase"]
[SourceDate "2023.10.10"]
[SourceVersion "1"]
[SourceVersionDate "2023.10.10"]
[SourceQuality "1"]

1. d4 Nf6 2. c4 e6 3. Bf4 d5 4. Nc3 Bb4 5. e3 0-0 6. a3 Bxc3+ 7. bxc3 c5 8. Nf3 Qa5 9. Qb3 Ne4 10. Rc1 b6 11. cxd5 exd5 12. Bxb8 Rxb8 13. Ne5 c4 14. Qb2 Qa4 15. Qb4 Qe8 16. f3 f6 17. Nxc4 dxc4 18. Bxc4+ Kh8 19. fxe4 Bb7 20. 0-0 Qxe4 21. Rf3 f5 22. Qd6 Rbd8 23. Qf4 Qe7 24. Rf2 Qxa3 25. Rcf1 Be4 26. Be6 Qe7 27. Qe5 Rde8 28. Bxf5 Qxe5 29. dxe5 Rxf5 30. Rxf5 Bxf5 31. Rxf5 Kg8 32. e4 g6 33. Rf6 Rxe5 34. Rc6 Rxe4 35. Rc7 a5 36. Rb7 Re6 37. c4 Rc6 38. Kf2 a4 39. Kf3 Rxc4 40. Rxb6 Rc3+ 41. Kf2 Rc2+ 42. Kg3 a3 43. Ra6 a2 44. Ra7 Kf8 45. h3 Ke8 46. Kh2 Kd8 47. Kg3 Kc8 48. Kf3 Kb8 49. Ra4 Kb7 50. g4 Kb6 51. Ke3 Kb5 52. Ra7 Kc4 53. Rc7+ Kb3 54. Rb7+ Kc3 55. Ra7 Kb2 56. Kd3 Rc3+ 57. Kd2 Rb3 0-1

[Event "Titled Tuesday intern op 12th Sep Late"]
[Site "Chess.com INT"]
[Date "2023.09.12"]
[Round "1"]
[White "Senft, Sean"]
[Black "Danielyan, Vahe"]
[Result "1/2-1/2"]
[WhiteElo "2107"]
[BlackElo "2318"]
[PlyCount "120"]
[EventDate "2023.09.12"]
[EventType "swiss (blitz)"]
[EventRounds "11"]
[EventCountry "USA"]
[SourceTitle "EXT 2024"]
[Source "ChessBase"]
[SourceDate "2023.10.10"]
[SourceVersion "1"]
[SourceVersionDate "2023.10.10"]
[SourceQuality "1"]

1. d4 Nf6 2. c4 g6 3. Nc3 Bg7 4. e4 d6 5. f4 0-0 6. Nf3 c5 7. d5 e6 8. Be2 exd5 9. exd5 Re8 10. 0-0 Bf5 11. Bd3 Bxd3 12. Qxd3 Nbd7 13. f5 Qe7 14. Bg5 Ne5 15. Nxe5 Qxe5 16. Bh4 Ng4 17. Bg3 Qe3+ 18. Qxe3 Nxe3 19. Bxd6 Nxf1 20. Kxf1 b6 21. Bc7 Bxc3 22. bxc3 Re7 23. d6 Rd7 24. f6 Kf8 25. g4 Rc8 26. g5 Rcxc7 27. dxc7 Rxc7 28. Rd1 Ke8 29. Kf2 Rd7 30. Rd5 Rc7 31. Kf3 Rc6 32. Re5+ Kd8 33. Ke4 Rd6 34. Re7 Rd7 35. Re5 Rd6 36. a4 Rd7 37. a5 Rd1 38. axb6 axb6 39. Rd5+ Rxd5 40. Kxd5 Kd7 41. Ke5 Kc6 42. Ke4 Kd6 43. Kf4 Kd7 44. Ke5 Kc6 45. h3 Kd7 46. Kd5 Kc7 47. Ke5 Kd7 48. h4 Kc6 49. Kf4 Kd6 50. Ke4 Ke6 51. Kf4 Kd6 52. Ke4 Kd7 53. Kd5 Kc7 54. Ke5 Kc6 55. Ke4 Kd6 56. Kf4 Ke6 57. Ke4 Kd6 58. Kf4 Kc7 59. Kg4 Kc6 60. Kf4 Kd6 1/2-1/2